[Event "LSS SF-2022-0-00528"]
[Site "LSS email"]
[Date "2022.12.24"]
[Round "?"]
[White "Wilshusen, Horst"]
[Black "De Booij, Marco"]
[Result "1-0"]
[WhiteElo "1120"]
[BlackElo "1027"]
[PlyCount "71"]
[EventDate "2022.08.31"]
[EventType "tourn (corr)"]
[EventRounds "6"]
[EventCountry "GER"]
[SourceTitle "Corr 2024"]
[Source "ChessBase"]
[SourceDate "2023.10.19"]
[SourceVersion "1"]
[SourceVersionDate "2023.10.19"]
[SourceQuality "1"]

1. b4 d5 2. Bb2 e6 3. e3 Nf6 4. a3 g6 5. Nf3 Bg7 6. c4 0-0 7. h3 b6 8. d4 Bb7 9. Nc3 c6 10. Qc2 a6 11. Be2 b5 12. c5 Nbd7 13. 0-0 Qc7 14. Nb1 Ne4 15. Nbd2 Nxd2 16. Nxd2 Nf6 17. f4 Bc8 18. Bf3 Bd7 19. Nb3 Rfe8 20. Bc3 Reb8 21. Be1 Rf8 22. Bg3 Qc8 23. Rae1 Kh8 24. Bh4 Re8 25. g4 Ng8 26. e4 Ne7 27. e5 Kg8 28. Na5 Rf8 29. Bxe7 Re8 30. Bf6 Bxf6 31. exf6 Qd8 32. g5 Qc7 33. Qh2 Qc8 34. Re5 Ra7 35. Qg3 Rc7 36. Qh4 1-0

[Event "LSS SF-2022-0-00528"]
[Site "LSS email"]
[Date "2022.12.02"]
[Round "?"]
[White "Wilshusen, Horst"]
[Black "Shim Ng Min, Francis"]
[Result "1-0"]
[WhiteElo "1120"]
[BlackElo "1045"]
[PlyCount "83"]
[EventDate "2022.08.31"]
[EventType "tourn (corr)"]
[EventRounds "6"]
[EventCountry "GER"]
[SourceTitle "Corr 2024"]
[Source "ChessBase"]
[SourceDate "2023.10.19"]
[SourceVersion "1"]
[SourceVersionDate "2023.10.19"]
[SourceQuality "1"]

1. b4 Nf6 2. Bb2 e6 3. a3 d5 4. e3 Be7 5. Nf3 0-0 6. c4 Nbd7 7. Nc3 c5 8. cxd5 exd5 9. bxc5 Nxc5 10. Be2 Bg4 11. Nd4 Bxe2 12. Qxe2 Nfe4 13. d3 Nxc3 14. Bxc3 Rc8 15. Rb1 b6 16. Bb4 Bf6 17. Nf3 Re8 18. 0-0 d4 19. e4 Na4 20. Rfc1 Nc3 21. Bxc3 dxc3 22. Qc2 Qc7 23. d4 Be7 24. Rb3 Qf4 25. Rxc3 Rxc3 26. Qxc3 Qxe4 27. Re1 Qa8 28. Qc4 Bxa3 29. Ne5 Re7 30. Re3 Bd6 31. f4 Bxe5 32. fxe5 g6 33. d5 Qd8 34. d6 Rd7 35. Rf3 Kg7 36. Qd4 Kg8 37. Qd5 Qe8 38. Rc3 Rd8 39. Rc7 Rd7 40. Qb5 Rd8 41. Qxe8+ Rxe8 42. d7 1-0

[Event "LSS SF-2022-0-00528"]
[Site "LSS email"]
[Date "2022.11.30"]
[Round "?"]
[White "Beaver, Michael"]
[Black "Wilshusen, Horst"]
[Result "1/2-1/2"]
[WhiteElo "1140"]
[BlackElo "1120"]
[PlyCount "77"]
[EventDate "2022.08.31"]
[EventType "tourn (corr)"]
[EventRounds "6"]
[EventCountry "GER"]
[SourceTitle "Corr 2024"]
[Source "ChessBase"]
[SourceDate "2023.10.19"]
[SourceVersion "1"]
[SourceVersionDate "2023.10.19"]
[SourceQuality "1"]

1. e4 e5 2. Nf3 Nc6 3. Bb5 a6 4. Bxc6 dxc6 5. 0-0 f6 6. d4 Bg4 7. dxe5 Qxd1 8. Rxd1 fxe5 9. Rd3 Bd6 10. Nbd2 Nf6 11. h3 Bh5 12. Nc4 0-0-0 13. Nfxe5 Bxe5 14. Nxe5 Nxe4 15. f3 Nf6 16. g4 Rxd3 17. cxd3 Be8 18. Bg5 Nd5 19. Kf2 h6 20. Bd2 Rf8 21. d4 h5 22. Rg1 g6 23. gxh5 gxh5 24. Rg5 b5 25. Rg7 b4 26. a3 a5 27. Nd3 Bd7 28. Ne5 Bxh3 29. Nxc6 bxa3 30. bxa3 a4 31. Kg3 Be6 32. Rh7 Kb7 33. Na5+ Kc8 34. Rxh5 Rg8+ 35. Kf2 Rf8 36. Rh4 Nb6 37. Bb4 Rf7 38. Rh8+ Kd7 39. Rf8 1/2-1/2

[Event "LSS No Engine Cup 231 Preliminary 0"]
[Site "LSS email"]
[Date "2022.11.22"]
[Round "?"]
[White "Henke, Simon"]
[Black "Wilshusen, Horst"]
[Result "1-0"]
[WhiteElo "2110"]
[BlackElo "1346"]
[PlyCount "99"]
[EventDate "2022.11.22"]
[EventType "tourn (corr)"]
[EventRounds "6"]
[EventCountry "GER"]
[SourceTitle "Corr 2024"]
[Source "ChessBase"]
[SourceDate "2023.10.19"]
[SourceVersion "1"]
[SourceVersionDate "2023.10.19"]
[SourceQuality "1"]

1. e4 e5 2. d4 exd4 3. Qxd4 Nc6 4. Qe3 Nf6 5. Nc3 Bb4 6. Bd2 0-0 7. 0-0-0 Re8 8. Bc4 Na5 9. Be2 d5 10. Nxd5 Nxd5 11. Qd3 Nc6 12. exd5 Bxd2+ 13. Qxd2 Ne5 14. Nf3 Ng6 15. g3 Qf6 16. Rhe1 Bg4 17. Ng1 Bxe2 18. Rxe2 Qa6 19. a3 b5 20. d6 cxd6 21. Qxd6 Qxd6 22. Rxd6 Rxe2 23. Nxe2 Kf8 24. Nd4 a6 25. Nc6 Ne7 26. Nb4 a5 27. Nd3 Rb8 28. b3 Nf5 29. Rd5 Ne7 30. Re5 f6 31. Rc5 Rb7 32. Nf4 Kf7 33. Ne2 Ke6 34. Nd4+ Kd6 35. Rxb5 Rxb5 36. Nxb5+ Ke5 37. Kd2 Ke4 38. Ke2 Nc6 39. c4 g5 40. f3+ Ke5 41. Ke3 f5 42. f4+ gxf4+ 43. gxf4+ Kf6 44. Nd4 Ne7 45. b4 axb4 46. axb4 Nc8 47. c5 Ne7 48. b5 h6 49. b6 Nd5+ 50. Kf3 1-0

[Event "LSS SF-2022-0-00527"]
[Site "LSS email"]
[Date "2022.11.16"]
[Round "?"]
[White "Cordes, Michael"]
[Black "Wilshusen, Horst"]
[Result "1-0"]
[WhiteElo "1139"]
[BlackElo "1091"]
[PlyCount "43"]
[EventDate "2022.07.12"]
[EventType "tourn (corr)"]
[EventRounds "6"]
[EventCountry "GER"]
[SourceTitle "Corr 2024"]
[Source "ChessBase"]
[SourceDate "2023.10.19"]
[SourceVersion "1"]
[SourceVersionDate "2023.10.19"]
[SourceQuality "1"]

1. d4 Nf6 2. c4 e6 3. Nf3 Bb4+ 4. Nbd2 0-0 5. a3 Be7 6. h3 d6 7. g4 Nfd7 8. Bg2 f5 9. b4 a5 10. b5 Nf6 11. Bb2 Qe8 12. Qc2 d5 13. gxf5 exf5 14. 0-0 Ne4 15. cxd5 Qxb5 16. Nxe4 fxe4 17. Qxe4 Bd6 18. Qc2 Bf5 19. e4 Bg6 20. Rab1 Bf4 21. Nh4 Bf7 22. Bc1 1-0

[Event "LSS SF-2022-0-00525"]
[Site "LSS email"]
[Date "2022.09.30"]
[Round "?"]
[White "Cordes, Michael"]
[Black "Wilshusen, Horst"]
[Result "1-0"]
[WhiteElo "1062"]
[BlackElo "1097"]
[PlyCount "71"]
[EventDate "2022.04.24"]
[EventType "tourn (corr)"]
[EventRounds "6"]
[EventCountry "GER"]
[SourceTitle "Corr 2024"]
[Source "ChessBase"]
[SourceDate "2023.10.19"]
[SourceVersion "1"]
[SourceVersionDate "2023.10.19"]
[SourceQuality "1"]

1. e4 e5 2. Nf3 Nc6 3. Nc3 Nf6 4. Bb5 Bb4 5. 0-0 0-0 6. Bxc6 dxc6 7. d3 Re8 8. h3 h6 9. Re1 Bd7 10. a3 Bf8 11. Be3 c5 12. a4 c6 13. Nd2 Qc7 14. Qf3 Rad8 15. Bxh6 gxh6 16. Qxf6 Bg7 17. Qh4 Re6 18. Ne2 Rg6 19. Ng3 Bf6 20. Qh5 Kh7 21. a5 Rdg8 22. Kh1 Be6 23. Nf5 Qd7 24. g3 Rh8 25. Nc4 Kg8 26. Qf3 h5 27. Kg1 Rg5 28. h4 Rg6 29. Rab1 Qc7 30. Qe3 b6 31. axb6 axb6 32. Ra1 Bxf5 33. exf5 Rg7 34. Ra8+ Kh7 35. Rxh8+ Kxh8 36. Qh6+ 1-0

[Event "LSS SF-2022-0-00525"]
[Site "LSS email"]
[Date "2022.09.30"]
[Round "?"]
[White "Wilshusen, Horst"]
[Black "Beaver, Michael"]
[Result "0-1"]
[WhiteElo "1097"]
[BlackElo "1137"]
[PlyCount "86"]
[EventDate "2022.04.24"]
[EventType "tourn (corr)"]
[EventRounds "6"]
[EventCountry "GER"]
[SourceTitle "Corr 2024"]
[Source "ChessBase"]
[SourceDate "2023.10.19"]
[SourceVersion "1"]
[SourceVersionDate "2023.10.19"]
[SourceQuality "1"]

1. b4 e5 2. Bb2 Bxb4 3. Bxe5 Nf6 4. Nf3 0-0 5. e3 d5 6. Be2 Re8 7. Bc3 a5 8. a3 Bxc3 9. Nxc3 c6 10. 0-0 Ne4 11. Na4 b5 12. Nb2 a4 13. Qc1 Qa5 14. Nd1 Bg4 15. c3 Nd7 16. d3 Nec5 17. Qb2 Bxf3 18. gxf3 Nb3 19. Rb1 Ndc5 20. d4 Ne6 21. Kh1 g6 22. Rg1 Qd8 23. f4 f5 24. Qc2 Rf8 25. Nb2 Qd6 26. Rg3 Qxa3 27. Nd3 c5 28. Bf3 Rad8 29. Rb2 c4 30. Nb4 Rd7 31. Rg1 Nbxd4 32. exd4 Nxd4 33. Bxd5+ Rxd5 34. Qd2 Rd6 35. Rgb1 Re8 36. Ra2 Nf3 37. Qc2 Qxa2 38. Qxa2 Rd2 39. Rb2 Ree2 40. Rxd2 Rxd2 41. Kg2 Rxa2 42. Nxa2 Ne1+ 43. Kg3 a3 0-1

[Event "LSS SF-2022-0-00525"]
[Site "LSS email"]
[Date "2022.09.30"]
[Round "?"]
[White "Wilshusen, Horst"]
[Black "Shim Ng Min, Francis"]
[Result "1-0"]
[WhiteElo "1097"]
[BlackElo "993"]
[PlyCount "29"]
[EventDate "2022.04.24"]
[EventType "tourn (corr)"]
[EventRounds "6"]
[EventCountry "GER"]
[SourceTitle "Corr 2024"]
[Source "ChessBase"]
[SourceDate "2023.10.19"]
[SourceVersion "1"]
[SourceVersionDate "2023.10.19"]
[SourceQuality "1"]

1. b4 Nf6 2. Bb2 e6 3. a3 d5 4. e3 Be7 5. Nf3 0-0 6. c4 dxc4 7. Bxc4 Nbd7 8. 0-0 c5 9. bxc5 Bxc5 10. Nc3 e5 11. d4 exd4 12. exd4 Bb6 13. Qd3 Re8 14. Ng5 h6 15. Nxf7 1-0

[Event "RF-2022-0-00522"]
[Site "LSS email"]
[Date "2022.09.09"]
[Round "?"]
[White "Koehler, Hans Christian"]
[Black "Wilshusen, Horst"]
[Result "1-0"]
[WhiteElo "1161"]
[BlackElo "1045"]
[PlyCount "119"]
[EventDate "2022.03.06"]
[EventType "tourn (corr)"]
[EventRounds "6"]
[EventCountry "GER"]
[SourceTitle "Corr 2024"]
[Source "ChessBase"]
[SourceDate "2023.10.19"]
[SourceVersion "1"]
[SourceVersionDate "2023.10.19"]
[SourceQuality "1"]

1. e4 e6 2. d4 d5 3. exd5 exd5 4. Bd3 Bd6 5. Ne2 Ne7 6. 0-0 0-0 7. Bf4 Bf5 8. Bxf5 Nxf5 9. Bxd6 Nxd6 10. Nd2 Nd7 11. c3 c6 12. Qc2 Nf6 13. Rfe1 Re8 14. Ng3 Qd7 15. h3 Rxe1+ 16. Rxe1 Re8 17. Qd1 g6 18. Re2 Nfe4 19. Ngxe4 dxe4 20. Qe1 f5 21. Qd1 Kg7 22. Qa4 b5 23. Qb4 Nb7 24. Nb3 f4 25. Nc5 Nxc5 26. Qxc5 h6 27. Kh2 g5 28. g3 e3 29. gxf4 gxf4 30. Qh5 Kh7 31. f3 Rg8 32. Qh4 Qf5 33. Qe7+ Rg7 34. Qe4 Qxe4 35. fxe4 Rf7 36. Kg1 Kg6 37. Kf1 Kf6 38. Kg2 Ke6 39. Kf3 c5 40. Re1 b4 41. Rg1 Rf6 42. h4 bxc3 43. bxc3 cxd4 44. cxd4 a5 45. Rc1 Kd7 46. a4 Rf7 47. Rg1 Rf6 48. h5 Rb6 49. Kxf4 e2 50. Re1 Rb4 51. Ke5 Rxa4 52. Rxe2 Rb4 53. Ra2 a4 54. Ra3 Ke7 55. d5 Kd7 56. Kf5 Rd4 57. Ke5 Rb4 58. Rg3 Rb5 59. Rg7+ Ke8 60. Ra7 1-0

[Event "RF-2022-0-00522"]
[Site "LSS email"]
[Date "2022.09.09"]
[Round "?"]
[White "Wilshusen, Horst"]
[Black "Endean, Andrew"]
[Result "1-0"]
[WhiteElo "1045"]
[BlackElo "1093"]
[PlyCount "35"]
[EventDate "2022.03.06"]
[EventType "tourn (corr)"]
[EventRounds "6"]
[EventCountry "GER"]
[SourceTitle "Corr 2024"]
[Source "ChessBase"]
[SourceDate "2023.10.19"]
[SourceVersion "1"]
[SourceVersionDate "2023.10.19"]
[SourceQuality "1"]

1. e4 e5 2. Nc3 Nf6 3. Nf3 Nc6 4. Bb5 Bb4 5. 0-0 0-0 6. d3 h6 7. Bxc6 bxc6 8. Nxe5 Re8 9. Ng4 Bxc3 10. bxc3 Nxg4 11. Qxg4 Qf6 12. Rb1 d5 13. Qg3 Qd6 14. Bf4 Qd7 15. Bxh6 Qg4 16. Bf4 Qd7 17. exd5 cxd5 18. Bxc7 1-0